| 000 | 00696nam a2200253 i 4500 | ||
|---|---|---|---|
| 001 | bg | ||
| 100 | 1 | _aLEWICKA, Maria | |
| 245 | 1 | 0 |
_aĆwiczenia rachunkowe z chemii / _cMaria Lewicka, Ewa Regulska ; Politechnika Białostocka. |
| 260 |
_aBiałystok : _bWydaw. PB, _c2001. |
||
| 300 |
_a238 s. ; _c23 cm. |
||
| 504 | _aBibliogr. | ||
| 650 | 9 | _aChemia | |
| 650 | 9 |
_aMatematyka _xstosowanie _xchemia |
|
| 655 | _aPodręczniki akademickie | ||
| 700 | 1 | _aREGULSKA, Ewa | |
| 710 | 0 | _aPolitechnika Białostocka | |
| 020 | _a8388229265 | ||
| 040 | _cBPK | ||
| 041 | 0 | _apl | |
| 080 | _a54:51](075.8) | ||
| 920 | _a83-88229-26-5 | ||
| 942 | _cKS | ||
| 008 | s pl f |000 0 pol | ||
| 999 |
_c42443 _d42443 |
||
| 856 |
_uhttp://koha.tu.koszalin.pl/cgi-bin/koha/opac-detail.pl?biblionumber=42443 _yKatalog online BPK |
||